| 000 | 01987cam a2200469 4500 | ||
|---|---|---|---|
| 001 | L154102 | ||
| 008 | 020325n2011 000 0 eng u | ||
| 020 | _a9780470905104 | ||
| 035 | _a(Sirsi) u154102 | ||
| 041 | _aeng. | ||
| 050 | _a690.8 | ||
| 100 | _aAllen, E. | ||
| 245 |
_aFundamentals of residential construction _h[electronic resource] |
||
| 260 |
_aNew York _bWiley _c2011 |
||
| 300 | _aeBook | ||
| 520 | _aThis is a revision of the definitive text on home building by bestselling authors Edward Allen and Rob Thallon. It features the latest developments in the materials and methods of house construction, including energy efficiency, and a new chapter on small, multi-family apartment buildings. Organized in a logical, easy-to-follow format, it covers codes, costs, and management procedures, discusses building materials, and explores basic building systems. Profusely illustrated with over 1,250 drawings and photographs, this book includes new photorealistic illustrations that bring the text to life. | ||
| 650 | _aRESIDENTIAL CONSTRUCTION | ||
| 650 | _aWOOD LIGHT FRAME CONSTRUCTION | ||
| 650 | _aTIMBER FRAME CONSTRUCTION | ||
| 650 | _aPANELISED CONSTRUCTION | ||
| 650 | _aARCHITECTURE | ||
| 650 | 2 | 4 | _aEBOOK |
| 650 | _aBUILT ENVIRONMENT-BUILDING ELEMENTS-COMPLETE BUILDING ELEMENTS-WALLS | ||
| 650 | _aMASONRY | ||
| 650 | _aCONCRETE | ||
| 650 | _aFRAMING | ||
| 650 | _aROOF | ||
| 650 | _aELECTRICAL WIRING | ||
| 650 | _aPLUMBERS | ||
| 650 | _aHEATING | ||
| 650 | _aCOOLING | ||
| 650 | _aTHERMAL INSULATION | ||
| 650 | _aFIREPLACES | ||
| 650 | _aBUILT ENVIRONMENT-BUILDING ELEMENTS-COMPLETE BUILDING ELEMENTS-FOUNDATIONS | ||
| 650 | _aBUILT ENVIRONMENT-BUILDING MATERIALS | ||
| 651 | 4 |
_aUnited States _y1959- |
|
| 651 | 4 | _aCanada | |
| 690 |
_aResidential property _96266 |
||
| 700 | _aThallon, R. | ||
| 856 | 4 | 0 |
_uhttps://www.vlebooks.com/ _zView on VLEbooks. Logins for members only from [email protected] |
| 942 | _n0 | ||
| 999 |
_c112840 _d112840 |
||